| 000 | 00565nam a2200181Ia 4500 | ||
|---|---|---|---|
| 001 | 7556 | ||
| 003 | GE_BSU | ||
| 008 | 181216s||||||||xx |||||||||||||| ||und|| | ||
| 040 | _cGE_BSU | ||
| 245 | _aРеферативный журнал, №6.2013.биология. | ||
| 245 | _bРаздел. Ботаника.Вирусология.Микробиология и др. | ||
| 245 | _cгл.ред.РАН Р.В.Петров и др. | ||
| 260 | _aМосква. | ||
| 260 | _c2013. | ||
| 300 | _a40ст;29см. | ||
| 653 | _aპერიოდიკა | ||
| 942 | _cCR | ||
| 999 |
_c40911 _d40911 |
||